Bhagawad-Geeta commentary / (Record no. 136540)

MARC details
000 -LEADER
fixed length control field 00656nam a22002177a 4500
010 ## - LIBRARY OF CONGRESS CONTROL NUMBER
LC control number A-736143
020 ## - INTERNATIONAL STANDARD BOOK NUMBER
Terms of availability 88.00
035 ## - SYSTEM CONTROL NUMBER
System control number A-736143
037 ## - SOURCE OF ACQUISITION
Source of stock number/acquisition Cen Lib / Ret
040 ## - CATALOGING SOURCE
Original cataloging agency DPL
Language of cataloging EN
082 ## - DEWEY DECIMAL CLASSIFICATION NUMBER
Classification number 181.45
Item number KAL
100 ## - MAIN ENTRY--PERSONAL NAME
Personal name Kale, M. G.
245 ## - TITLE STATEMENT
Title Bhagawad-Geeta commentary /
Statement of responsibility, etc by M. G. Kale
260 ## - PUBLICATION, DISTRIBUTION, ETC. (IMPRINT)
Place of publication, distribution, etc Bombay
Name of publisher, distributor, etc M. G. Kale
Date of publication, distribution, etc 1994
270 ## - ADDRESS
Address 1110, Devi Dayal Road
City Mulund, Bombay
Postal code 400080
300 ## - PHYSICAL DESCRIPTION
Extent (v 2. 208 ; v 3. 262p)
Other physical details 24cm(Hb)
505 ## - FORMATTED CONTENTS NOTE
Formatted contents note v 2 Chapters seven to Twelve ; v 3. Chapters thirteen to eighteen
650 ## - SUBJECT ADDED ENTRY--TOPICAL TERM
Topical term or geographic name as entry element Bhagavadgīta.
650 ## - SUBJECT ADDED ENTRY--TOPICAL TERM
Topical term or geographic name as entry element Hindu Religions
942 ## - ADDED ENTRY ELEMENTS (KOHA)
Source of classification or shelving scheme Dewey Decimal Classification
Koha item type English Books
Classification part 181.45
Call number suffix KAL
Holdings
Withdrawn status Lost status Source of classification or shelving scheme Materials specified (bound volume or other part) Damaged status Not for loan Home library Current library Date acquired Source of acquisition Cost, normal purchase price Total Checkouts Full call number Barcode Date last seen Cost, replacement price Price effective from Koha item type Date checked out Copy number Public note
    Dewey Decimal Classification v 3     Central Library Central Library 04/03/2016 Cen Lib/Ret 88.00   181.45 KAL A-736143 04/03/2016 88.00 04/03/2016 English Books      
Written off     v 2     Central Library Central Library 17/03/2016 Cen Lib/Ret 80.00 1 181.45 KAL A-736132 12/07/2017 80.00 17/03/2016 English Books 04/07/2017 1 W/d list no. 6806/15

© Delhi Public Library
Hit Counter
free hit counter